000 00799nam a2200253 a 4500
001 000023374
005 20200930022156.0
008 101203s1985 sp a r 000 0 spa d
020 _a8475770789
040 _aDO-SdBNP
_bspa
_cBNPHU
041 1 7 _aspa
_hfre
_2Código de idioma MARC
082 _a133.3
_bR256p
100 1 _aRavignant, Patrick
_948149
240 1 0 _aLes présages
_lEspañol.
245 1 0 _aLos presagios /
_cPatrick Ravignant ; traducción Graciela Klein.
260 _aBarcelona, (España) :
_bJuan Granica,
_c1985.
300 _a156, [4] p. :
_bil. ;
_c18 cm.
490 1 _aArtes adivinatoria
534 _aTítulo original:
_tLes présages
650 4 _aAdivinación
_948150
700 1 _aKlein, Graciela
_etr.
_911243
830 0 _aArtes adivinatorias
_948151
049 _aBNGR
999 _c22871
_d22871